000 00664nam a22002057a 4500
003 0
005 20240906144156.0
008 240906b xxu||||| |||| 00| 0 eng d
020 _a978-0-367-19512-0
050 _aHF 5381
_b.C36 2023
100 _aCampbell, Elizabeth L.
_eauthor.
245 _a101 career myths debunked :
_bthe ultimate career planning workbook /
_cElizabeth L. Campbell.
260 _aNew York, NY :
_bRoutledge,
_cc2023.
300 _axv, 305 p. :
_bill. ;
_c28 cm.
504 _aIncludes bibliographical references and index.
650 _aCareer development.
650 _aVocational guidance.
650 _aJob hunting.
942 _2lcc
_cBK
999 _c366188
_d366188